Statistics for Cities by Museum

Click here to take the quiz!

General Stats

  • This quiz has been taken 176 times
  • The average score is 16 of 20

Answer Stats

Hint Answer % Correct
LouvreParis
100%
Solomon R GuggenheimNew York City
99%
Acropolis MuseumAthens
96%
PradoMadrid
96%
Tate ModernLondon
96%
The Museum of Egyptian AntiquitiesCairo
93%
Palace Museum (Forbidden City)Beijing
93%
RijksmuseumAmsterdam
90%
The SmithsonianWashington DC
87%
Pushkin Museum of Fine ArtsMoscow
83%
PicassoBarcelona
82%
PergamonBerlin
82%
Uffizi GalleryFlorence
82%
The State HermitageSt. Petersburg
79%
J Paul GettyLos Angeles
69%
Doge's PalaceVenice
69%
KunsthistorischesVienna
63%
Field Museum of Natural HistoryChicago
58%
KelvingroveGlasgow
36%
National Museum of Western ArtTokyo
32%

Score Distribution

Percentile by Number Answered

Percent of People with Each Score

Your Score History

You have not taken this quiz